Re-engineering the whole life cycle process (Record no. 74952)

MARC details
000 -LEADER
fixed length control field 01068cam a2200217 4500
001 - CONTROL NUMBER
control field X129111
008 - FIXED-LENGTH DATA ELEMENTS--GENERAL INFORMATION
fixed length control field 050318n2005 000 0 eng u
035 ## - SYSTEM CONTROL NUMBER
System control number (Sirsi) u129111
100 ## - MAIN ENTRY--PERSONAL NAME
Personal name Kirkham, R.
245 ## - TITLE STATEMENT
Title Re-engineering the whole life cycle process
260 ## - PUBLICATION, DISTRIBUTION, ETC.
Date of publication, distribution, etc. 2005
490 ## - SERIES STATEMENT
Series statement Construction Management and Economics
Volume/sequential designation 23(1) January 2005, 9-14(6)
520 ## - SUMMARY, ETC.
Summary, etc. Notes that the use of Whole Life Cycle Costing (WLCC) in the construction industry is increasing. There are problems with the lack of detailed recordings of decisions based on WLCC analysis as data capture is crucial in the optimum delivery of this process. Reports on the development of the logbook, a WLCC model decision-support software application. The software should encourage the use of WLCC models as a pro-active rather than a retrospective process.
590 ## - LOCAL NOTE (RLIN)
Local note ABS
650 ## - SUBJECT ADDED ENTRY--TOPICAL TERM
Topical term or geographic name entry element LIFE CYCLE COSTING
650 ## - SUBJECT ADDED ENTRY--TOPICAL TERM
Topical term or geographic name entry element COST MODELLING
650 ## - SUBJECT ADDED ENTRY--TOPICAL TERM
Topical term or geographic name entry element BUILT ENVIRONMENT-BUILDING COSTS
650 ## - SUBJECT ADDED ENTRY--TOPICAL TERM
Topical term or geographic name entry element WHOLE LIFE COST MODELS
690 ## - LOCAL SUBJECT ADDED ENTRY--TOPICAL TERM (OCLC, RLIN)
Topical term or geographic name as entry element BUILT ENVIRONMENT-BUILDING COSTS
942 ## - ADDED ENTRY ELEMENTS (KOHA)
Suppress in OPAC 0
Holdings
Withdrawn status Lost status Source of classification or shelving scheme Damaged status Not for loan Home library Current library Shelving location Date acquired Total Checkouts Full call number Barcode Date last seen Copy number Price effective from Koha item type
    Dewey Decimal Classification     London London Journal article 18/03/2005   X129111 129111-1001 06/08/2019 1 06/08/2019 Journal article